Films avec Françoise Dorléac par image - Statistiques

Statistiques générales
  • Ce quiz a été pris 14 fois
  • Le résultat moyen est 3 sur 16
Statistiques - réponses
Par images Réponse % Correct
Les Demoiselles de Rochefort
100%
L'Homme de Rio
71%
Cul-de-sac
21%
Genghis Khan
21%
La Peau douce
21%
Arsène Lupin contre Arsène Lupin
7%
Ce soir ou jamais
7%
La Chasse à l'homme
7%
La Fille aux yeux d'or
7%
La Gamberge
7%
Passeport pour l'oubli
7%
Tout l'or du monde
7%
Un cerveau d'un milliard de dollars
7%
La Ronde
0%
Les Loups dans la bergerie
0%
Les portes claquent
0%
Aucun quiz correspondant
Distribution des résultats
% des personnes avec chaque résultat
Percentile par nombre de réponses
Votre historique - résultats
Vous n’avez pas pris ce quiz